00310nam a2200121Ia 450000500170000000800410001708200130005810000170007124500170008826000430010530000130014850000270016120250508055024.0240331s9999 xx 000 0 und d bMAHa891 aMahendran, K 0aArimuga vila aTellippalaibSivan Kalvi Nilayamc1984 a123 p ., aShort Stories in Tamil